[Event "Helsinki Munukka 40"]
[Site "Helsinki"]
[Date "2005.??.??"]
[Round "2.2"]
[White "Sammalvuo, Tapani"]
[Black "Molander, Riku"]
[Result "1-0"]
[WhiteElo "2438"]
[BlackElo "2328"]
[PlyCount "73"]
[EventDate "2005.??.??"]
[EventType "swiss"]
[EventRounds "7"]
[EventCountry "FIN"]
[SourceTitle "EXT 2022"]
[Source "ChessBase"]
[SourceDate "2021.10.06"]
[SourceVersion "1"]
[SourceVersionDate "2021.10.06"]
[SourceQuality "1"]

1. e4 e6 2. d4 d5 3. Nc3 Nf6 4. Bg5 Bb4 5. e5 h6 6. Bd2 Bxc3 7. bxc3 Ne4 8. Qg4 g6 9. Bd3 Nxd2 10. Kxd2 c5 11. h4 Qa5 12. h5 g5 13. f4 cxd4 14. Ke2 Qxc3 15. Re1 Nc6 16. Kf1 Bd7 17. fxg5 0-0-0 18. gxh6 f6 19. exf6 e5 20. Bf5 Qxc2 21. Bxc2 Bxg4 22. Rh4 Bd7 23. g4 Rdg8 24. Bg6 e4 25. h7 Rf8 26. g5 Ne5 27. Bxe4 dxe4 28. Rexe4 Bb5+ 29. Kf2 Nd7 30. Ref4 Nxf6 31. Rxf6 Rxf6+ 32. gxf6 Rxh7 33. h6 d3 34. Nf3 Kd7 35. Ng5 Rh8 36. h7 Ke8 37. Re4+ 1-0

[Event "Olympiad-36"]
[Site "Mallorca"]
[Date "2004.10.27"]
[Round "12"]
[White "Solomons, Deon"]
[Black "Molander, Riku"]
[Result "1/2-1/2"]
[WhiteElo "2249"]
[BlackElo "2328"]
[PlyCount "89"]
[EventDate "2004.10.15"]
[EventType "team-swiss"]
[EventRounds "14"]
[EventCountry "ESP"]
[SourceTitle "CBM 104"]
[Source "ChessBase"]
[SourceDate "2005.01.27"]
[SourceVersion "1"]
[SourceVersionDate "2005.01.27"]
[SourceQuality "1"]
[WhiteTeam "South Africa"]
[BlackTeam "Finland"]
[WhiteTeamCountry "RSA"]
[BlackTeamCountry "FIN"]

1. d4 e6 2. Nf3 Nf6 3. c4 c5 4. e3 cxd4 5. exd4 d5 6. a3 Be7 7. Bd3 dxc4 8. Bxc4 0-0 9. 0-0 b6 10. Qe2 Bb7 11. Nc3 Nc6 12. Rd1 Rc8 13. Ba2 Rc7 14. Be3 Rd7 15. Rac1 Qa8 16. d5 exd5 17. Nxd5 Nxd5 18. Bxd5 Bf6 19. Ba2 Rfd8 20. Rxd7 Rxd7 21. h3 Ne5 22. Nxe5 Bxe5 23. Qg4 Qd8 24. Bg5 h5 25. Qxh5 Bf6 26. Bxf6 Qxf6 27. Re1 Rd8 28. Re5 g6 29. Qe2 Rd7 30. Qe3 Kg7 31. Kh2 Rd3 32. Qe2 Qf4+ 33. Kg1 Qc1+ 34. Kh2 Qf4+ 35. Kg1 Qc1+ 36. Kh2 Qf4+ 37. Kg1 Rd2 38. Qe1 Rxb2 39. Re2 Rxe2 40. Qxe2 Qc1+ 41. Kh2 Qf4+ 42. Kg1 Qc1+ 43. Kh2 Qf4+ 44. Kg1 Qc1+ 45. Kh2 1/2-1/2

[Event "Olympiad-36"]
[Site "Mallorca"]
[Date "2004.10.18"]
[Round "4"]
[White "Molander, Riku"]
[Black "Saelee, Uaychai"]
[Result "1-0"]
[WhiteElo "2328"]
[BlackElo "2165"]
[PlyCount "105"]
[EventDate "2004.10.15"]
[EventType "team-swiss"]
[EventRounds "14"]
[EventCountry "ESP"]
[SourceTitle "CBM 104"]
[Source "ChessBase"]
[SourceDate "2005.01.27"]
[SourceVersion "1"]
[SourceVersionDate "2005.01.27"]
[SourceQuality "1"]
[WhiteTeam "Finland"]
[BlackTeam "Thailand"]
[WhiteTeamCountry "FIN"]
[BlackTeamCountry "THA"]

1. e4 d6 2. d4 Nf6 3. Nc3 g6 4. f4 Bg7 5. Nf3 0-0 6. Bd3 Nc6 7. 0-0 e5 8. dxe5 dxe5 9. f5 gxf5 10. exf5 e4 11. Nxe4 Bxf5 12. Nxf6+ Qxf6 13. Bg5 Qe6 14. Bxf5 Qxf5 15. c3 Qb5 16. Qb3 Qxb3 17. axb3 Rfe8 18. Rad1 Re2 19. Rf2 Rxf2 20. Kxf2 Na5 21. Rd7 Rc8 22. Nd2 Nc6 23. Bf4 Be5 24. Kg3 Bxf4+ 25. Kxf4 Nd8 26. Ne4 Kg7 27. Kf5 Ne6 28. Nf6 Nc5 29. Rd4 Kf8 30. Nxh7+ Ke7 31. Nf6 Nxb3 32. Re4+ Kd6 33. h4 Nc5 34. Re8 Rxe8 35. Nxe8+ Kd7 36. Nf6+ Ke7 37. Nd5+ Kf8 38. Nxc7 Na4 39. Nb5 a6 40. Nd6 Kg7 41. b3 Nxc3 42. Nxb7 Nd5 43. Ke5 Ne3 44. g3 f6+ 45. Ke4 Nf1 46. Kf4 Nd2 47. b4 Nc4 48. Ke4 Kg6 49. Nc5 a5 50. Kd4 Ne5 51. b5 Kh5 52. Kd5 Kg4 53. b6 1-0